000 00651nam a2200217Ii 4500
001 10807
003 CO-ViMGA
008 241108s9999||||xx |||||||||||||| ||und||
020 _a9588052033
040 _aCO-ViMGA
_bspa
_erda
_cCO-ViMGA
041 0 _aunk
082 0 4 _aC863.44-M84c
100 1 _aMüjica Velásquez, Elisa,
_d1918-
_956363
245 1 0 _aCatalina:
_bNovela
264 1 _a[Lugar de publicación no identificado] : Ministerio de Cultura, 1998
300 _avolumen
336 _atext
_btxt
_2rdacontent
337 _aunmediated
_bn
_2rdamedia
338 _avolume
_bnc
_2rdacarrier
940 _aidficha_siabuc: 10551. -- ficha_no_siabuc:10807
999 _c54299
_d54299